|
|
|
|
| LEADER |
01958nam a22004095i 4500 |
| 001 |
978-1-908517-33-3 |
| 003 |
DE-He213 |
| 005 |
20150520190814.0 |
| 007 |
cr nn 008mamaa |
| 008 |
120608s2011 xxk| s |||| 0|eng d |
| 020 |
|
|
|a 9781908517333
|9 978-1-908517-33-3
|
| 024 |
7 |
|
|a 10.1007/978-1-908517-33-3
|2 doi
|
| 040 |
|
|
|d GrThAP
|
| 050 |
|
4 |
|a RC681-688.2
|
| 072 |
|
7 |
|a MJD
|2 bicssc
|
| 072 |
|
7 |
|a MED010000
|2 bisacsh
|
| 082 |
0 |
4 |
|a 616.12
|2 23
|
| 100 |
1 |
|
|a Carlson, Lars A.
|e author.
|
| 245 |
1 |
0 |
|a Comprehensive lipid testing and management
|h [electronic resource] /
|c by Lars A. Carlson.
|
| 264 |
|
1 |
|a Tarporley :
|b Springer Healthcare Ltd. :
|b Imprint: Springer Healthcare,
|c 2011.
|
| 300 |
|
|
|a XIV, 144 p.
|b online resource.
|
| 336 |
|
|
|a text
|b txt
|2 rdacontent
|
| 337 |
|
|
|a computer
|b c
|2 rdamedia
|
| 338 |
|
|
|a online resource
|b cr
|2 rdacarrier
|
| 347 |
|
|
|a text file
|b PDF
|2 rda
|
| 505 |
0 |
|
|a Part one Lipid testing -- 1 Atherosclerosis and clinical atherosclerosis -- 2 From cholesterol to lipoproteins and apolipoproteins -- 3 Lipid testing -- 4 Lipid profiles -- 5 Lipid testing and prediction of coronary heart disease -- 6 Lipid risk factors in prediction of coronary heart disease – is any one factor best -- Part two Lipid management -- 7 Goals of lipid management -- 8 Cholesterol lowering and prevention of CHD -- 9 Cholesterol goals in current guidelines -- 10 Lipid management in clinical practice -- 11 Drugs for lipid management -- 12 Diabetic dyslipidaemia -- 13 LDL apheresis -- 14 Lipid modifying agents under development.
|
| 520 |
|
|
|a Nil.
|
| 650 |
|
0 |
|a Medicine.
|
| 650 |
|
0 |
|a Cardiology.
|
| 650 |
1 |
4 |
|a Medicine & Public Health.
|
| 650 |
2 |
4 |
|a Cardiology.
|
| 710 |
2 |
|
|a SpringerLink (Online service)
|
| 773 |
0 |
|
|t Springer eBooks
|
| 776 |
0 |
8 |
|i Printed edition:
|z 9781907673030
|
| 856 |
4 |
0 |
|u http://dx.doi.org/10.1007/978-1-908517-33-3
|z Full Text via HEAL-Link
|
| 912 |
|
|
|a ZDB-2-SME
|
| 950 |
|
|
|a Medicine (Springer-11650)
|